| 000 | 00463nam a2200181Ia 4500 | ||
|---|---|---|---|
| 001 | 20861 | ||
| 005 | 20260306172836.0 | ||
| 008 | 260306t2011||||xx |||||||||||||| ||spa|| | ||
| 041 | _aESP | ||
| 082 |
_a343.8 _bI59 |
||
| 100 |
_aStaff Tributario de la Revista Actualidad Empresarial _eAUT |
||
| 245 | 0 | _aManual de tributación sectorial | |
| 260 | _c2011 | ||
| 300 |
_a374 pƔginas : _c23 cm. |
||
| 650 | _aGEN | ||
| 654 | _aCCO | ||
| 942 |
_cLIB _dJUS _fJUS _2ddc _n |
||
| 999 |
_c20861 _d20861 |
||